| 000 | 00879nam a22002897a 4500 | ||
|---|---|---|---|
| 008 | 130619b xxu||||| |||| 00| 0 eng d | ||
| 020 | _a0-7637-3615-5 | ||
| 024 | _cAvailable | ||
| 037 | _cAvailable | ||
| 040 |
_aMBSTU LIBRARY _dMBSTU LIBRARY |
||
| 082 |
_222 _a364.072 DAR |
||
| 100 | _aDantzker, M.L. | ||
| 110 | _aRonald D Hunter. | ||
| 245 | _aResearch methods for criminology and criminal justice: a primer. | ||
| 250 | _a2nd | ||
| 260 |
_aLondon _bJones and Bartlett Publishers. _c2006 |
||
| 300 |
_a26 cm. _bxvii, 237 page _f2 _g26 cm. |
||
| 600 | _2Criminology- research methodology. | ||
| 610 | _aCriminal justice. | ||
| 650 | _2Criminology- research methodology. | ||
| 700 | _aDantzker, M.L. | ||
| 710 | _aRonald D Hunter. | ||
| 270 |
_aLondon _bLondon _dUK |
||
| 365 |
_b4900.00 _d4900.00 |
||
| 942 |
_2ddc _cBK |
||
| 999 |
_c506 _d506 |
||